000 00603nam a22001937a 4500
999 _c186486
_d186486
005 20220307142414.0
010 _aENG-131855
020 _a9789381236246
_c100.00
035 _aEN-115387
037 _bDBAD/PUB
082 _a633.1
_b1
100 _aSUDHAKAR, P.
245 _aAgronomy Of Cereals, Millets And Pulses/
_cP.Sudhakar & S. Ramesh
260 _aChidambaram
_bSri Velan Pathipagam
_c2013
270 _a5/132, S.P.Koil Street
_bChidambaram
_e608001
300 _a 263p
_c21cm(pbk)
_bBibliography, Annexure & plates
700 _aRamesh, S.
942 _2ddc
_cEN
_h633.1
_mSUD